Viaje sentimental

Guardat en:
Dades bibliogràfiques
Autor principal: Sterne, Laurence (Autor)
Format: Llibre
Idioma:espanyol
Publicat: Buenos Aires Espasa Calpe Argentina 1943
Col·lecció:Colección Austral
Matèries:
Etiquetes: Afegir etiqueta
Sense etiquetes, Sigues el primer a etiquetar aquest registre!

MARC

LEADER 00000nam a2200000 a 4500
001 UCZ2307
003 CL-VaPUC
005 20230629083425.0
008 950928e19430000AG |||||||||||||||||spa|d
999 |c 238936  |d 238934 
040 |c Pontificia Universidad Católica de Valparaíso 
082 0 4 |a 823  |b STE  |2 21 
100 0 |a Sterne, Laurence  |e author  |9 346055 
245 1 0 |a Viaje sentimental 
260 |a Buenos Aires  |b Espasa Calpe Argentina  |c 1943 
300 |a 155 p 
490 0 |a Colección Austral 
583 |a last modification  |c 19950928 00:00:00  |k Rodrigo Vera 
650 0 |a Novelas inglesas  |9 265220 
651 |a Francia  |x Vida social y costumbres  |9 883509 
651 |a Italia  |x Vida social y costumbres  |9 883510 
942 |c BK  |2 ddc 
945 |d 19950928 00:00:00  |a awong 
952 |0 0  |1 0  |4 0  |6 823_000000000000000_STE_1943  |7 0  |8 A  |9 249570  |a BIBEDU  |b BIBEDU  |d 2019-11-18  |i 3124363  |o 823 STE 1943  |p 3124363  |r 2019-11-18  |w 2019-11-18  |y BK  |k LIT